000 00313nam a22001337a 4500
008 170525b xxu||||| |||| 00| 0 eng d
020 _a9780912045085
041 _aeng
080 _27TH
_a62
100 _a26
101 _aIM
245 _aENGINEER-IN-TRAINING REFERENCE MANUAL
_cLINDEBURG,M.R
942 _2udc
_cBK
999 _c14222
_d14222